000
00277nam a22001217a 4500
020
_a
0-7131-3217-5
082
_a
620.2092 REE'D
100
_a
REEKIE, R. FREASER
_9
78057
245
_a
DRAUGHTSMANSHIP
260
_a
LONDON
_b
EDWARDS ARNOLD
_c
1969
300
_a
232P
942
_c
BK
999
_c
583213
_d
583213